| 000 | 00780nam a2200277 4500 | ||
|---|---|---|---|
| 001 | 4185983 | ||
| 003 | OSt | ||
| 005 | 20230510114755.0 | ||
| 008 | 721011m19719999enk 000 0 eng b | ||
| 010 | _a 79502433 | ||
| 015 | _aB71-16555 | ||
| 020 | _a0903032104 | ||
| 040 |
_aDLC _cDLC _dDLC |
||
| 050 | 1 | 0 |
_aRS141.3 _b.B72 |
| 110 | 2 |
_aBritish Herbal Medicine Association. _bScientific Committee. |
|
| 245 | 1 | 0 | _aBritish herbal pharmacopoeia. |
| 260 |
_aLondon, _bBritish Herbal Medicine Association, _c1996 |
||
| 300 | _a212p. | ||
| 500 | _a[57] leaves on puublication. | ||
| 650 | 0 | _aMateria medica, Vegetable. | |
| 650 | 0 | _aPharmacopoeias. | |
| 650 | 2 | _aFormularies. | |
| 650 | 2 | _aHerbs. | |
| 906 |
_a7 _bcbc _corignew _d3 _encip _f19 _gy-gencatlg |
||
| 942 |
_2lcc _cBK |
||
| 999 |
_c20116 _d20115 |
||